000
00208nam a2200097Ia 4500
008
240331s9999 xx 000 0 und d
082
_b
RAG
100
_a
Raghavan,P
245
0
_a
Kuthiraigalin kathai
942
_c
L
999
_c
4743
_d
4743